000 00995cam a2200301 i 4500
001 2171
003 BD-RjUL
005 20211208233510.0
008 131210r1976 nyu bs 001 0 eng
020 _a0846217643
035 _a(BD-RjUL)2198
040 _aDLC
_cDLC
_dDLC
_beng
041 _aeng
082 0 0 _a301.4510973
_216
_bHUI 1976
100 1 _aHutchinson, Edward P.
_q(Edward Prince),
_d1906-
_97109
245 1 0 _aImmigrants and their children, 1850-1950 /
_cby E. P. Hutchinson.
260 _aNew York :
_bRussell & Russell,
_c1976, c1956.
300 _axiv, 391 p. ;
_c25 cm.
500 _aReprint of the ed. published by Wiley, New York, in series: Census monograph series.
504 _aIncludes bibliographical references and index.
526 _bEconomics
650 0 _aImmigrants
_zUnited States.
_97110
650 0 _aOccupations
_zUnited States.
_97111
830 0 _aCensus monograph series.
_97113
942 _2ddc
_cBK
999 _c2171
_d2171